Every Song by Candlebox - Statistics

General Stats
  • This quiz has been taken 2 times
  • The average score is 17 of 94
Answer Stats
Album Song % Correct
Candlebox(1993) Far Behind
100%
Happy Pills(1998) Happy Pills
100%
Into the Sun(2008) Into the Sun
100%
Lucy(1995) Lucy
100%
Candlebox(1993) You
100%
Wolves(2021) All Down Hill From Here
50%
Happy Pills(1998) A Stone's Throw Away
50%
Lucy(1995) Become (To Tell)
50%
Candlebox(1993) Blossom
50%
Happy Pills(1998) Breakaway
50%
Into the Sun(2008) Breathe Me In
50%
Into the Sun(2008) Breathe Me In (Intro)
50%
Lucy(1995) Butterfly
50%
Lucy(1995) Butterfly (Reprise)
50%
Candlebox(1993) Change
50%
Candlebox(1993) Cover Me
50%
Happy Pills(1998) It's Alright
50%
Happy Pills(1998) Look What You've Done
50%
Into the Sun(2008) Lover – Come Back to Me
50%
Into the Sun(2008) Miss You
50%
Wolves(2021) Riptide
50%
Lucy(1995) Simple Lessons
50%
Happy Pills(1998) So Real
50%
Into the Sun(2008) Stand
50%
Happy Pills(1998) Step Back
50%
Wolves(2021) Sunshine
50%
Lucy(1995) Vulgar Before Me
50%
Wolves(2021) We
50%
Happy Pills(1998) 10,000 Horses
0%
Into the Sun(2008) A Kiss Before
0%
Disappearing in Airports(2016) Alive at Last
0%
Candlebox(1993) Arrow
0%
Love Stories & Other Musings(2012) Baby Love Me
0%
Love Stories & Other Musings(2012) Believe in It
0%
Happy Pills(1998) Belmore Place
0%
Lucy(1995) Best Friend
0%
Into the Sun(2008) Bitches Brewin'
0%
Happy Pills(1998) Blinders
0%
Lucy(1995) Bothered
0%
The Long Goodbye(2023) Cellphone Jesus
0%
Love Stories & Other Musings(2012) Come Home
0%
Into the Sun(2008) Consider Us
0%
Disappearing in Airports(2016) Crazy
0%
Wolves(2021) Criminals
0%
Lucy(1995) Crooked Halo
0%
Wolves(2021) Don't Count Me Out
0%
Candlebox(1993) Don't You
0%
Lucy(1995) Drowned
0%
The Long Goodbye(2023) Elegante
0%
The Long Goodbye(2023) Foxy
0%
The Best of Candlebox(2006) Glowing Soul
0%
Disappearing in Airports(2016) God's Gift
0%
Candlebox(1993) He Calls Home
0%
The Long Goodbye(2023) Hourglass
0%
Into the Sun(2008) How Does It Feel
0%
The Long Goodbye(2023) I Should Be Happy
0%
Lucy(1995) It's Amazing
0%
Disappearing in Airports(2016) I've Got a Gun
0%
Disappearing in Airports(2016) I Want It Back
0%
Disappearing in Airports(2016) Keep on Waiting
0%
Wolves(2021) Let Me Down Easy
0%
Love Stories & Other Musings(2012) Lifelike Song
0%
Wolves(2021) Lost Angeline
0%
The Long Goodbye(2023) Maze
0%
Candlebox(1993) Mothers Dream
0%
Wolves(2021) My Weakness
0%
The Long Goodbye(2023) Nails on a Chalkboard
0%
Love Stories & Other Musings(Bonus)(2012) No Lights
0%
Candlebox(1993) No Sense
0%
Wolves(2021) Nothing Left to Lose
0%
Happy Pills(1998) Offerings
0%
Disappearing in Airports(2016) Only Because of You
0%
The Long Goodbye(2023) Punks
0%
Candlebox(1993) Rain
0%
Love Stories & Other Musings(2012) She Come Over Me
0%
Happy Pills(1998) Sometimes
0%
Disappearing in Airports(2016) Spotlights
0%
Disappearing in Airports(2016) Supernova
0%
Into the Sun(2008) Surrendering
0%
Love Stories & Other Musings(2012) Sweet Summertime
0%
Into the Sun(Bonus)(2008) The Answer
0%
Disappearing in Airports(2016) The Bridge
0%
Love Stories & Other Musings(2012) Them Eyes
0%
Wolves(2021) Trip
0%
Love Stories & Other Musings(2012) Turn Your Heart Around
0%
The Long Goodbye(2023) Ugly
0%
Into the Sun(2008) Underneath It All
0%
Lucy(1995) Understanding
0%
Disappearing in Airports(2016) Vexatious
0%
The Long Goodbye(Bonus)(2023) Washed Up
0%
The Long Goodbye(2023) We're Running With the Stars Tonight
0%
The Long Goodbye(2023) What Do You Need
0%
The Long Goodbye(2023) Who You Are
0%
Love Stories & Other Musings(2012) Youth in Revolt
0%
No matching quizzes found
Score Distribution
Percent of People with Each Score
Percentile by Number Answered
Your Score History
You have not taken this quiz